Sports Quiz

Random Sports or NBA Quiz

Sports Franchise Starting Points Quiz Stats

 Plays Quiz Updated Jan 28, 2018

Challenge
Share
Tweet
Embed
Score 0/20 Timer 08:00
6 Plays Today
Question Answer Wrong Answers
Where did the Los Angeles Dodgers originate? Brooklyn
92.3%
Milwaukee
1.3%
Buffalo
1.4%
Washington D.C.
1.1%
Where did the Indianapolis Colts originate? Baltimore
91.4%
Brooklyn
1.4%
Charlotte
1.8%
Miami
1.3%
Where did the Tennessee Titans originate? Houston
87.5%
Oakland
1.9%
St. Louis
3%
Baltimore
3.7%
Where did the Washington Nationals originate? Montreal
84.7%
Newark
3.7%
Seattle
3.8%
Boston
4%
Where did the Memphis Grizzlies originate? Vancouver
83.9%
Jacksonville
2.2%
Minneapolis/St. Paul
5.3%
Charlotte
4.7%
Where did the Dallas Stars originate? Minneapolis/St. Paul
82.8%
Denver
4.6%
Cleveland
4.6%
San Francisco
4%
Where did the Utah Jazz originate? New Orleans
82.7%
Detroit
2.6%
Memphis
6.7%
Pittsburgh
3.9%
Where did the Texas Rangers originate? Washington D.C.
76.2%
Columbus
6.5%
Nashville
7.6%
Montreal
5.6%
Where did the Arizona Coyotes originate? Winnipeg
72.6%
Minneapolis/St. Paul
10.5%
Houston
7.6%
Seattle
5.3%
Where did the Atlanta Braves originate? Boston
66.6%
Washington D.C.
3.3%
Phoenix
2.3%
Milwaukee
24.1%
Where did the Winnipeg Jets originate? Atlanta
64.7%
Cleveland
9%
Minneapolis/St. Paul
17%
San Francisco
5.1%
Where did the Oakland Athletics originate? Philadelphia
63.1%
St. Louis
12.4%
New Orleans
2.5%
Nashville
18.1%
Where did the Milwaukee Brewers originate? Seattle
53.9%
Portland
10.4%
Washington, D.C.
14.2%
Baltimore
17.6%
Where did the Sacramento Kings originate? Rochester
52.6%
Louisville
6.2%
Cincinnati
31.7%
Brooklyn
5.5%
Where did the Kansas City Chiefs originate? Dallas
48.6%
St. Louis
22.8%
Columbus
13.2%
Boston
11.3%
Where did the Los Angeles Clippers originate? Buffalo
46.7%
Seattle
5.4%
San Diego
38.7%
Louisville
5.3%
Where did the Arizona Cardinals originate? Chicago
46.1%
Oakland
2.5%
St. Louis
45%
Portland
2.6%
Where did the Los Angeles Rams originate? Cleveland
32.2%
Oakland
2.9%
Los Angeles
31.6%
St. Louis
29.7%
Where did the New Jersey Devils originate? Kansas City
31.2%
Brooklyn
22%
Cleveland
14.6%
Denver
28.1%
Where did the Carolina Hurricanes originate? Boston
25.8%
Saskatoon
20.8%
Ottawa
34.8%
Seattle
14.3%

You're not logged in!

Compare scores with friends on all Sporcle quizzes.
OR
Log In

You Might Also Like...

Show Comments

Extras

Top Quizzes Today


Score Distribution

Your Account Isn't Verified!

In order to create a playlist on Sporcle, you need to verify the email address you used during registration. Go to your Sporcle Settings to finish the process.

Report this User

Report this user for behavior that violates our Community Guidelines.

Details: